000 00769nam a2200289 a 4500
003 AR-BaBNM
005 20251128204648.0
008 082120s2002 ||||||||||||||000 | spa||
020 _a84-261-2245-0
040 _cAR-BaBNM
100 1 _aLastrego, Cristina
245 0 0 _aBienvenido, Wilko
260 _aBarcelona
_bJuventud
_c1987
300 _a55 p.
_bil.
500 _aRecomendado para niños de 5 a 8 años
650 4 _aLITERATURA INFANTIL
650 4 _aVIAJES ESPACIALES
650 4 _aCUENTOS DE AVENTURAS
650 4 _aLITERATURA ITALIANA
650 4 _aLIBROS PARA NIÑOS
653 _aCUENTOS DE MONSTRUOS
655 _aLITERATURA
700 1 _aTesta, Francesco
700 1 _aZendrera, Cancepción
_etraductor
942 _cBK
998 _claura
999 _c8278
_d8278